000 00249nam a22001097a 4500
001 22604
005 20260402100138.0
008 260402b |||||||| |||| 00| 0 eng d
040 _bNemĨina
245 _aLewis Wallace - Ben hur
942 _2ddc
_cKLDO
_n0
999 _c22604
_d22604